000 02167nam0a2200397 4500
001 RU\NLR\BIBL_A\022272227
005 20260420011759.0
010 _a978-5-6050217-4-2
_9100
021 _aRU
_bКН-П-24-029469
_9КН-П-24-2997
035 _a(NLR Aleph) 022272227
090 _a13660173
_c13660173
100 _a20240704d2024 k y0rusy50 ca
101 0 _arus
102 _aRU
105 _aa z 000yy
181 0 _ai
_bxxxe
182 0 _an
200 1 _aБиотропность микропластика, нефти и нефтепродуктов
_eмонография
_fА. Г. Карташев, А. П. Шкарупо
_gМинистерство науки и высшего образования Российской Федерации, Томский государственный университет систем управления и радиоэлектроники
203 _aТекст
_bвизуальный
_cнепосредственный
210 _aТомск
_cИзд-во ТУСУРа
_d2024
215 _a135 с.
_cил., табл.
_d21
320 _aБиблиогр.: с. 123-133 (105 назв.)
606 1 _aОкружающая среда
_xЗагрязнение пластическими массами
_92432065
_3RU\NLR\AUTH\6601665714
606 1 _aОкружающая среда
_xЗагрязнение нефтепродуктами
_91605840
_3RU\NLR\AUTH\66707195
606 1 _aГидробионты
_xВлияние загрязнения водоёмов пластическими массами
_92597876
_3RU\NLR\AUTH\6601744173
606 1 _aГидробионты
_xВлияние загрязнения водоёмов нефтепродуктами
_92597880
_3RU\NLR\AUTH\6601744174
686 1 _aЛ710.9
686 1 _aЛ540.9
686 1 _aИ36-642
686 1 _aЕ082.126
700 1 _7ca
_8rus
_aКарташев
_bА. Г.
_gАлександр Георгиевич
_934299
_3RU\NLR\AUTH\7751365
701 1 _aШкарупо
_bА. П.
_gАнастасия Петровна
942 _cBOOK
980 _aNB